[Event "26th Klatovy A 2018"]
[Site "Klatovy CZE"]
[Date "2018.07.06"]
[Round "7.12"]
[White "Jelinek, Michal"]
[Black "Chmel, Kristian"]
[Result "0-1"]
[WhiteElo "2204"]
[BlackElo "2121"]
[PlyCount "82"]
[EventDate "2018.06.30"]
[EventType "swiss"]
[EventRounds "9"]
[EventCountry "CZE"]

1. d4 Nf6 2. c4 g6 3. Nf3 Bg7 4. e3 O-O 5. Be2 c6 6. O-O d5 7. cxd5 cxd5 8. Nc3 Nc6 9. a4 Bf5 10. Qb3 b6 11. Qa3 a5 12. Bd2 Ne4 13. Nxe4 dxe4 14. Bb5 Nb4 15. Ne1 e5 16. Bxb4 axb4 17. Qxb4 exd4 18. exd4 Bxd4 19. Nc2 Bc5 20. Qc3 Qg5 21. b4 Bd6 22. Qe3 Qh5 23. g3 Rac8 24. Rfc1 Be5 25. Nd4 Rxc1+ 26. Rxc1 Rd8 27. Nxf5 Qxf5 28. Qxb6 Rd6 29. Qe3 Bd4 30. Qe2 e3 31. f3 Ba7 32. g4 Qf4 33. Rc2 Rd2 34. Rxd2 exd2+ 35. Kg2 Qd4 36. Qd1 Qf2+ 37. Kh3 Bb8 38. Qe2 Qd4 39. Qd1 Qf4 40. Kg2 Qxh2+ 41. Kf1 Ba7 0-1

[Event "26th Klatovy A 2018"]
[Site "Klatovy CZE"]
[Date "2018.07.06"]
[Round "7.13"]
[White "Jurek, Josef"]
[Black "Kaderabek, Jiri"]
[Result "1-0"]
[WhiteElo "2277"]
[BlackElo "2125"]
[PlyCount "47"]
[EventDate "2018.06.30"]
[EventType "swiss"]
[EventRounds "9"]
[EventCountry "CZE"]

1. Nf3 d5 2. d4 Nf6 3. c4 c6 4. Nc3 Bf5 5. cxd5 cxd5 6. Qb3 Qb6 7. Nxd5 Nxd5 8. Qxd5 e6 9. Qb3 Qxb3 10. axb3 Nc6 11. e3 Bd6 12. Bc4 Ke7 13. O-O Nb4 14. Bd2 a6 15. Rfc1 Rhc8 16. Ne1 b5 17. Be2 Nc2 18. Nxc2 Bxc2 19. Bf3 Ra7 20. Ba5 f5 21. Bb6 Rd7 22. Rxa6 b4 23. Bc5 Bxb3 24. Rxd6 1-0

[Event "26th Klatovy A 2018"]
[Site "Klatovy CZE"]
[Date "2018.07.06"]
[Round "7.14"]
[White "Krutsky, Martin"]
[Black "Formanek, Martin"]
[Result "1/2-1/2"]
[WhiteElo "2123"]
[BlackElo "2267"]
[PlyCount "77"]
[EventDate "2018.06.30"]
[EventType "swiss"]
[EventRounds "9"]
[EventCountry "CZE"]

1. e4 c5 2. Nf3 d6 3. d4 cxd4 4. Nxd4 Nf6 5. Nc3 a6 6. f4 e5 7. Nb3 Be7 8. Bd3 b5 9. O-O O-O 10. Qf3 Nbd7 11. h3 Bb7 12. a3 Rc8 13. Be3 Re8 14. Rad1 Qc7 15. Qf2 Bf8 16. fxe5 dxe5 17. Kh1 Nc5 18. Qh4 Nxd3 19. Rxd3 Be7 20. Qf2 Nxe4 21. Nxe4 Bxe4 22. Rc3 Qd7 23. Qxf7+ Kh8 24. Qh5 Rxc3 25. bxc3 Qc6 26. Qg4 Bxc2 27. Nd2 Bg6 28. c4 Bxa3 29. c5 Qd5 30. h4 Bd3 31. Rf3 Be2 32. Qh5 g6 33. Qh6 Bxf3 34. Nxf3 Qf7 35. Nxe5 Qa7 36. Qf4 Bb2 37. Nf7+ Kg8 38. Nh6+ Kh8 39. Nf7+ 1/2-1/2

[Event "26th Klatovy A 2018"]
[Site "Klatovy CZE"]
[Date "2018.07.06"]
[Round "7.15"]
[White "Jedlicka, Ales"]
[Black "Svanda, Ondrej"]
[Result "1/2-1/2"]
[WhiteElo "2221"]
[BlackElo "2043"]
[PlyCount "112"]
[EventDate "2018.06.30"]
[EventType "swiss"]
[EventRounds "9"]
[EventCountry "CZE"]

1. Nf3 Nf6 2. c4 c5 3. Nc3 Nc6 4. g3 g6 5. Bg2 Bg7 6. O-O O-O 7. d4 cxd4 8. Nxd4 Nxd4 9. Qxd4 d6 10. Qd3 Rb8 11. Bd2 Be6 12. Rac1 Qd7 13. Rfd1 Rfc8 14. b3 a6 15. a4 Qd8 16. e4 Nd7 17. Be3 Qa5 18. Nd5 Bxd5 19. exd5 Nc5 20. Qc2 Qb4 21. Rb1 a5 22. Bd2 Qb6 23. Bh3 Rc7 24. Re1 Re8 25. b4 axb4 26. Rxb4 Qa6 27. Be3 Ra8 28. Bf1 Nxa4 29. Reb1 Nc5 30. h4 Qa2 31. Qc1 Qa3 32. Qd1 Qc3 33. h5 Ra1 34. h6 Rxb1 35. Qxb1 Bd4 36. Bxd4 Qxd4 37. Rb2 Rc8 38. Ra2 Qg4 39. Qc1 Re8 40. Qe3 f6 41. Ra7 Qg5 42. Qxg5 fxg5 43. Kg2 Kf7 44. Kf3 e6 45. dxe6+ Kxe6 46. Ra2 Rf8+ 47. Kg4 Nd7 48. Bh3 Kf6 49. f4 gxf4 50. gxf4 Nb6 51. Bf1 Rc8 52. Rd2 Nxc4 53. Bxc4 Rxc4 54. Rxd6+ Ke7 55. Rb6 Rc7 56. Rb5 Kf7 1/2-1/2

[Event "26th Klatovy A 2018"]
[Site "Klatovy CZE"]
[Date "2018.07.06"]
[Round "7.16"]
[White "Furman, Boris"]
[Black "Palek, Miroslav"]
[Result "1/2-1/2"]
[WhiteElo "2203"]
[BlackElo "2153"]
[PlyCount "71"]
[EventDate "2018.06.30"]
[EventType "swiss"]
[EventRounds "9"]
[EventCountry "CZE"]

1. d4 Nf6 2. c4 c5 3. d5 e5 4. Nc3 d6 5. e4 Be7 6. f4 exf4 7. Bxf4 O-O 8. Bd3 Re8 9. Nf3 Bg4 10. O-O Nbd7 11. Qd2 Nh5 12. Be3 Bf6 13. Qf2 Qe7 14. h3 Bxf3 15. gxf3 Ne5 16. Rad1 Bh4 17. Qg2 f5 18. Bc1 f4 19. Ne2 Rf8 20. Kh1 Rf6 21. Rg1 Raf8 22. Qf1 Ng3+ 23. Nxg3 fxg3 24. f4 Nxd3 25. Qxd3 Rxf4 26. Bxf4 Rxf4 27. e5 Qxe5 28. Rg2 g6 29. Re2 Qf6 30. Re8+ Kf7 31. Rb8 Rf2 32. Rxb7+ Kf8 33. Rb8+ Kg7 34. Rb7+ Kf8 35. Rb8+ Kf7 36. Rb7+ 1/2-1/2

[Event "26th Klatovy A 2018"]
[Site "Klatovy CZE"]
[Date "2018.07.06"]
[Round "7.17"]
[White "Stinka, Jakub"]
[Black "Kozak, Milos"]
[Result "1/2-1/2"]
[WhiteElo "2093"]
[BlackElo "2156"]
[PlyCount "53"]
[EventDate "2018.06.30"]
[EventType "swiss"]
[EventRounds "9"]
[EventCountry "CZE"]

1. e4 e5 2. Nf3 Nc6 3. Bb5 a6 4. Ba4 Nf6 5. O-O Be7 6. Re1 b5 7. Bb3 d6 8. c3 O-O 9. h3 Bb7 10. d4 Nd7 11. Nbd2 exd4 12. cxd4 Bf6 13. Nf1 Na5 14. Bc2 Re8 15. Ng3 g6 16. Bf4 c5 17. b3 cxd4 18. Nxd4 Rc8 19. Rc1 Be5 20. Qd2 Bxf4 21. Qxf4 Qf6 22. Qd2 Nc6 23. Nxc6 Rxc6 24. Rcd1 Nf8 25. Nf1 Ne6 26. Ne3 Nf4 27. Kh2 1/2-1/2

[Event "26th Klatovy A 2018"]
[Site "Klatovy CZE"]
[Date "2018.07.06"]
[Round "7.18"]
[White "Dvorak, Jan"]
[Black "Vevera, Radek"]
[Result "1-0"]
[WhiteElo "2210"]
[BlackElo "2064"]
[PlyCount "49"]
[EventDate "2018.06.30"]
[EventType "swiss"]
[EventRounds "9"]
[EventCountry "CZE"]

1. Nf3 Nf6 2. c4 g6 3. Nc3 Bg7 4. g3 O-O 5. Bg2 d6 6. O-O Nc6 7. Rb1 a5 8. a3 Bf5 9. d3 Qc8 10. b4 axb4 11. axb4 e5 12. b5 Nd4 13. Ng5 h6 14. Nge4 Nxe4 15. dxe4 Bh3 16. Nd5 Re8 17. b6 Ra2 18. bxc7 Be6 19. Nc3 Rc2 20. Nb5 Nxb5 21. Qxc2 Nd4 22. Qb2 Qxc7 23. e3 Nc6 24. Qb5 Na5 25. Qxe8+ 1-0

[Event "26th Klatovy A 2018"]
[Site "Klatovy CZE"]
[Date "2018.07.06"]
[Round "7.19"]
[White "Molkanov, Oleg 2001"]
[Black "Hadraba, Vladimir"]
[Result "0-1"]
[WhiteElo "2051"]
[BlackElo "2192"]
[PlyCount "62"]
[EventDate "2018.06.30"]
[EventType "swiss"]
[EventRounds "9"]
[EventCountry "CZE"]

1. d4 Nf6 2. c4 g6 3. Nf3 Bg7 4. Nc3 O-O 5. e4 d6 6. Be2 Nbd7 7. O-O e5 8. d5 a5 9. Be3 Ng4 10. Bg5 f6 11. Bh4 g5 12. Bg3 Nh6 13. Nd2 Nc5 14. f3 b6 15. b3 f5 16. Bf2 g4 17. fxg4 Nxg4 18. Bxg4 fxg4 19. Bxc5 bxc5 20. Rxf8+ Qxf8 21. Nb5 Qe7 22. Nf1 Bh6 23. a4 Bf4 24. Qe2 h5 25. Re1 Qh7 26. g3 Bg5 27. Qg2 Ba6 28. Ne3 Rf8 29. Nf5 Bc8 30. Rf1 Bxf5 31. Qf2 Qh6 0-1

[Event "26th Klatovy A 2018"]
[Site "Klatovy CZE"]
[Date "2018.07.06"]
[Round "7.20"]
[White "Simunek, Filip"]
[Black "Kusa, Jakub"]
[Result "1/2-1/2"]
[WhiteElo "2184"]
[BlackElo "2046"]
[PlyCount "104"]
[EventDate "2018.06.30"]
[EventType "swiss"]
[EventRounds "9"]
[EventCountry "CZE"]

1. d4 Nf6 2. c4 e6 3. Nc3 d5 4. cxd5 exd5 5. Bg5 c6 6. Qc2 Be7 7. e3 h6 8. Bh4 O-O 9. Bd3 Re8 10. Nge2 Ne4 11. Bxe7 Qxe7 12. Nxe4 dxe4 13. Bc4 Be6 14. O-O Bxc4 15. Qxc4 Nd7 16. b4 Nb6 17. Qb3 Qe6 18. Qxe6 Rxe6 19. a4 Nd5 20. Rab1 a6 21. Rfc1 f5 22. g3 g5 23. Nc3 Rd6 24. h3 Kg7 25. b5 Nxc3 26. Rxc3 axb5 27. axb5 Rf8 28. bxc6 bxc6 29. Rb7+ Rf7 30. Rxf7+ Kxf7 31. Rc5 Kf6 32. g4 f4 33. Rf5+ Ke7 34. exf4 gxf4 35. Rxf4 Rxd4 36. Kf1 c5 37. Rf5 c4 38. Ke2 c3 39. Rc5 Rd3 40. Re5+ Kf6 41. Rxe4 Rxh3 42. Rc4 h5 43. gxh5 Rxh5 44. Rxc3 Re5+ 45. Re3 Rxe3+ 46. Kxe3 Ke5 47. Kf3 Kf5 48. Kg2 Kg4 49. Kf1 Kf3 50. Ke1 Kf4 51. Ke2 Ke4 52. f4 Kxf4 1/2-1/2

[Event "26th Klatovy A 2018"]
[Site "Klatovy CZE"]
[Date "2018.07.06"]
[Round "7.21"]
[White "Dolansky, Lukas"]
[Black "Cmiko, Jakub"]
[Result "1-0"]
[WhiteElo "2184"]
[BlackElo "2015"]
[PlyCount "73"]
[EventDate "2018.06.30"]
[EventType "swiss"]
[EventRounds "9"]
[EventCountry "CZE"]

1. c4 Nf6 2. e3 e6 3. Nf3 b6 4. b3 Bb7 5. Bb2 Be7 6. Nc3 O-O 7. Rc1 d6 8. d4 Nbd7 9. Bd3 c5 10. O-O a6 11. Qe2 Qc7 12. Rfd1 Rac8 13. a4 Qb8 14. d5 e5 15. Qc2 g6 16. Nd2 Qc7 17. Nf1 Ne8 18. g4 Ng7 19. Ng3 Bh4 20. Kg2 Nf6 21. h3 Rce8 22. Rg1 Bc8 23. Rcf1 Qd7 24. f3 h5 25. Rh1 Qe7 26. Rfg1 Bxg3 27. Kxg3 h4+ 28. Kh2 Nh7 29. Rg2 Ng5 30. Rf1 f5 31. f4 exf4 32. exf4 fxg4 33. fxg5 g3+ 34. Kh1 Bxh3 35. Rxf8+ Qxf8 36. Ne4 Rxe4 37. Bxe4 1-0

[Event "26th Klatovy A 2018"]
[Site "Klatovy CZE"]
[Date "2018.07.06"]
[Round "7.22"]
[White "Neuendorf, Max"]
[Black "Bartos, Jan"]
[Result "0-1"]
[WhiteElo "1981"]
[BlackElo "2153"]
[PlyCount "50"]
[EventDate "2018.06.30"]
[EventType "swiss"]
[EventRounds "9"]
[EventCountry "CZE"]

1. e4 e6 2. d3 d5 3. Nd2 c5 4. Ngf3 Nc6 5. g3 Bd6 6. Bg2 Nge7 7. O-O O-O 8. c3 Bd7 9. exd5 exd5 10. d4 cxd4 11. Nxd4 Nxd4 12. cxd4 Be6 13. h3 Qd7 14. Kh2 Nf5 15. Nf3 h6 16. Ne5 Qc7 17. f4 Qb6 18. Nf3 Rac8 19. g4 Ne7 20. Kh1 Bd7 21. Nh4 Rc4 22. g5 hxg5 23. fxg5 Qxd4 24. Qxd4 Rxd4 25. Nf3 Rd3 0-1

[Event "26th Klatovy A 2018"]
[Site "Klatovy CZE"]
[Date "2018.07.06"]
[Round "7.23"]
[White "Kubat, Miroslav"]
[Black "Pick, Stepan"]
[Result "0-1"]
[WhiteElo "1993"]
[BlackElo "2113"]
[PlyCount "90"]
[EventDate "2018.06.30"]
[EventType "swiss"]
[EventRounds "9"]
[EventCountry "CZE"]

1. e4 e6 2. d4 d5 3. Nd2 c5 4. exd5 exd5 5. dxc5 Bxc5 6. Nb3 Bd6 7. Nf3 Ne7 8. Bd3 h6 9. h3 Nbc6 10. c3 O-O 11. Nbd4 Nxd4 12. Nxd4 Nc6 13. Ne2 Qf6 14. Be3 Re8 15. Qd2 d4 16. Nxd4 Nxd4 17. cxd4 b6 18. O-O-O Bb7 19. Rhg1 Qe6 20. Kb1 Bd5 21. b3 a5 22. Qb2 a4 23. b4 a3 24. Qd2 Ra4 25. Ka1 Bxb4 26. Qc2 Raa8 27. Bf5 Bc3+ 28. Qxc3 Qxf5 29. Rc1 Rec8 30. Qd2 Qe6 31. g4 Bc4 32. h4 b5 33. f4 b4 34. Rb1 Rab8 35. f5 Qe4 36. Rgc1 Bd5 37. f6 Rxc1 38. Rxc1 b3 39. axb3 Rxb3 40. Bxh6 Rb2 41. fxg7 Be6 42. Qxb2 axb2+ 43. Kxb2 Qxd4+ 44. Rc3 Qxg4 45. Rd3 Qxh4 0-1

[Event "26th Klatovy A 2018"]
[Site "Klatovy CZE"]
[Date "2018.07.06"]
[Round "7.24"]
[White "Hajek, Jiri2"]
[Black "Hlavac, Rudolf"]
[Result "1-0"]
[WhiteElo "2081"]
[BlackElo "1987"]
[PlyCount "117"]
[EventDate "2018.06.30"]
[EventType "swiss"]
[EventRounds "9"]
[EventCountry "CZE"]

1. e4 c5 2. Nc3 Nc6 3. Bb5 g6 4. f4 Bg7 5. Nf3 d6 6. O-O Bg4 7. d3 Rc8 8. Qe1 Bxf3 9. Rxf3 e6 10. f5 a6 11. Bxc6+ Rxc6 12. Nd5 Be5 13. Nf4 Kd7 14. fxe6+ fxe6 15. Ne2 Kc8 16. c3 Rc7 17. d4 Bg7 18. Nf4 Qe8 19. d5 exd5 20. Nxd5 Rf7 21. Bf4 Be5 22. Bxe5 dxe5 23. Qf2 Rxf3 24. gxf3 Ne7 25. Qxc5+ Nc6 26. Qd6 Qd8 27. Qxd8+ Rxd8 28. Rd1 Rf8 29. Kf2 Rf7 30. Ke3 Nd8 31. Nb6+ Kc7 32. Nc4 Nc6 33. Rd5 Re7 34. a4 g5 35. b4 b5 36. axb5 axb5 37. Rxb5 h5 38. Rc5 Kb7 39. b5 Na7 40. Rxe5 Rxe5 41. Nxe5 Nxb5 42. c4 Nc3 43. Kd2 Na4 44. Nf7 g4 45. fxg4 hxg4 46. Ne5 Kc7 47. Nxg4 Kd6 48. h4 Kc5 49. h5 Nb6 50. e5 Nc8 51. h6 Ne7 52. h7 Ng6 53. Kd3 Nh8 54. Ne3 Kc6 55. Ke4 Kd7 56. Kf5 Ke7 57. e6 Kf8 58. Kf6 Nf7 59. c5 1-0

[Event "26th Klatovy A 2018"]
[Site "Klatovy CZE"]
[Date "2018.07.06"]
[Round "7.25"]
[White "Seemann, Jakub"]
[Black "Kopriva, Martin"]
[Result "0-1"]
[WhiteElo "1814"]
[BlackElo "2068"]
[PlyCount "100"]
[EventDate "2018.06.30"]
[EventType "swiss"]
[EventRounds "9"]
[EventCountry "CZE"]

1. e4 g6 2. d4 Bg7 3. Nc3 d6 4. f4 Nf6 5. Nf3 O-O 6. Bd3 c6 7. Be3 Na6 8. h3 b5 9. O-O Nb4 10. a3 Nxd3 11. cxd3 a5 12. b4 Nd7 13. Qc2 Bb7 14. e5 axb4 15. axb4 Rxa1 16. Rxa1 Qc8 17. Ne4 f5 18. Ned2 Nb6 19. Nb3 Nd5 20. Bd2 Bh6 21. g3 Nxb4 22. Bxb4 c5 23. dxc5 Bxf3 24. Nd4 Ba8 25. exd6 exd6 26. Qa2+ Kh8 27. Qxa8 Qxa8 28. Rxa8 Rxa8 29. cxd6 Bf8 30. Nc6 Kg8 31. d4 Kf7 32. d5 Ke8 33. Kf2 Bg7 34. Ne5 Rd8 35. Bc5 Rd7 36. Ke3 Bf8 37. g4 Bxd6 38. Nxd7 Kxd7 39. Bd4 Ba3 40. gxf5 gxf5 41. Be5 Bd6 42. Bb2 Bc5+ 43. Kd3 Kd6 44. Bc3 Kxd5 45. Bb2 h5 46. Bc1 Bd6 47. Bd2 b4 48. Be3 b3 49. Bc1 Be7 50. Bb2 Bc5 0-1

[Event "26th Klatovy A 2018"]
[Site "Klatovy CZE"]
[Date "2018.07.06"]
[Round "7.26"]
[White "Novy, Vaclav"]
[Black "Hlavina, Matous"]
[Result "0-1"]
[WhiteElo "2065"]
[BlackElo "1776"]
[PlyCount "82"]
[EventDate "2018.06.30"]
[EventType "swiss"]
[EventRounds "9"]
[EventCountry "CZE"]

1. e4 e6 2. d4 d5 3. Nd2 Nf6 4. e5 Nfd7 5. Bd3 c5 6. c3 cxd4 7. cxd4 Nc6 8. Ne2 f6 9. exf6 Nxf6 10. O-O Bd6 11. Nf3 Qc7 12. Bg5 O-O 13. Rc1 Nh5 14. Bb1 Rxf3 15. gxf3 Bxh2+ 16. Kg2 Nf4+ 17. Nxf4 Bxf4 18. Qd3 g6 19. Bxf4 Qxf4 20. Qe3 Qf6 21. Rh1 Bd7 22. Rh6 Rf8 23. Rch1 Rf7 24. R1h4 e5 25. dxe5 Nxe5 26. Kg3 Nxf3 27. Bxg6 hxg6 28. Rh8+ Qxh8 29. Rxh8+ Kxh8 30. Qxa7 Bc6 31. Qe3 Kh7 32. Qd3 d4 33. b4 Rf5 34. Qb3 Nd2 35. Qe6 Ne4+ 36. Kh2 Rxf2+ 37. Kg1 Rg2+ 38. Kf1 Ng3+ 39. Ke1 Re2+ 40. Qxe2 Nxe2 41. Kxe2 Bb5+ 0-1

[Event "26th Klatovy A 2018"]
[Site "Klatovy CZE"]
[Date "2018.07.06"]
[Round "7.27"]
[White "Brejnik, Gustav"]
[Black "Novotny, Jaroslav2"]
[Result "1-0"]
[WhiteElo "2120"]
[BlackElo "1933"]
[PlyCount "87"]
[EventDate "2018.06.30"]
[EventType "swiss"]
[EventRounds "9"]
[EventCountry "CZE"]

1. d4 d5 2. c4 c6 3. cxd5 cxd5 4. Bf4 Nc6 5. e3 e6 6. Nc3 a6 7. Nf3 Nf6 8. Bd3 Be7 9. h3 b5 10. O-O O-O 11. Rc1 Bb7 12. Bb1 Rc8 13. Nh2 h6 14. Ng4 Nxg4 15. Qxg4 Bg5 16. Bg3 f5 17. Qd1 Qd7 18. Ne2 Ne7 19. h4 Bf6 20. Nf4 g6 21. Nd3 Rxc1 22. Qxc1 Rc8 23. Qd1 Kf7 24. Bf4 Kg7 25. Nc5 Rxc5 26. dxc5 Bxb2 27. Qd2 Bf6 28. e4 Ng8 29. Bg3 Qc6 30. exd5 Qxd5 31. Qxd5 Bxd5 32. c6 Bxc6 33. Rc1 Ne7 34. Bd6 Bd5 35. Rc7 Kf7 36. Ra7 Bxh4 37. Rxa6 Bc4 38. a4 Bf6 39. a5 b4 40. Ra7 b3 41. a6 Ke8 42. Ra8+ Kd7 43. Bxe7 Bxe7 44. a7 1-0

[Event "26th Klatovy A 2018"]
[Site "Klatovy CZE"]
[Date "2018.07.06"]
[Round "7.28"]
[White "Strnad, Jakub"]
[Black "Kunc, Jan"]
[Result "0-1"]
[WhiteElo "2055"]
[BlackElo "1947"]
[PlyCount "84"]
[EventDate "2018.06.30"]
[EventType "swiss"]
[EventRounds "9"]
[EventCountry "CZE"]

1. e4 c5 2. Nf3 d6 3. d4 cxd4 4. Nxd4 Nf6 5. Nc3 g6 6. Be3 Bg7 7. f3 Nc6 8. Qd2 O-O 9. Bc4 Bd7 10. O-O-O Rc8 11. Bb3 Nxd4 12. Bxd4 b5 13. h4 a5 14. Nd5 Nxd5 15. Bxg7 Kxg7 16. Bxd5 e6 17. h5 exd5 18. hxg6 hxg6 19. Qh6+ Kf6 20. Rxd5 Rh8 21. Qf4+ Kg7 22. Rxh8 Qxh8 23. g4 Qh1+ 24. Rd1 Qg2 25. c3 b4 26. Rxd6 bxc3 27. Qf6+ Kg8 28. bxc3 Qg1+ 29. Rd1 Qe3+ 30. Kb2 Rb8+ 31. Ka1 Qe2 32. Rb1 Rxb1+ 33. Kxb1 Qd1+ 34. Kb2 Be6 35. Qd4 Qe2+ 36. Kc1 Qxf3 37. Qd8+ Kh7 38. Qxa5 Qf1+ 39. Kb2 Qe2+ 40. Kb1 Qxe4+ 41. Kb2 Qg2+ 42. Kb1 Bxg4 0-1

[Event "26th Klatovy A 2018"]
[Site "Klatovy CZE"]
[Date "2018.07.06"]
[Round "7.29"]
[White "Stolc, Martin"]
[Black "Hak, David"]
[Result "0-1"]
[WhiteElo "2043"]
[BlackElo "1886"]
[PlyCount "56"]
[EventDate "2018.06.30"]
[EventType "swiss"]
[EventRounds "9"]
[EventCountry "CZE"]

1. b3 e5 2. Bb2 Nc6 3. e3 Nf6 4. Nf3 e4 5. Nd4 Nxd4 6. exd4 d5 7. c4 c6 8. Nc3 Bd6 9. h3 O-O 10. g4 Be6 11. Qe2 Bf4 12. Nd1 a6 13. c5 b6 14. Rc1 bxc5 15. Rxc5 Qb6 16. Bg2 Nd7 17. Rc2 c5 18. dxc5 Nxc5 19. O-O Nd3 20. Ba3 Rfc8 21. Rc3 Qa5 22. Be7 Nc1 23. Rxc1 Rxc1 24. Bxe4 dxe4 25. Qxe4 Re8 26. Qxf4 Rxe7 27. d4 Qc7 28. Qf3 Rd7 0-1

[Event "26th Klatovy A 2018"]
[Site "Klatovy CZE"]
[Date "2018.07.06"]
[Round "7.30"]
[White "Flajsman, Pavel"]
[Black "Richter, Martin1"]
[Result "1-0"]
[WhiteElo "1828"]
[BlackElo "2009"]
[PlyCount "81"]
[EventDate "2018.06.30"]
[EventType "swiss"]
[EventRounds "9"]
[EventCountry "CZE"]

1. c4 c5 2. Nf3 g6 3. d4 cxd4 4. Nxd4 Bg7 5. e4 Qb6 6. Nb3 Nc6 7. Nc3 d6 8. Be3 Qd8 9. Be2 Nf6 10. O-O O-O 11. f3 b6 12. Qd2 Ba6 13. Nd4 Nxd4 14. Bxd4 Rc8 15. b3 Qd7 16. a4 Qc7 17. Rfc1 e6 18. a5 bxa5 19. Nb5 Bxb5 20. cxb5 Qb7 21. Rxc8 Rxc8 22. Rxa5 Nd7 23. Rxa7 Bxd4+ 24. Qxd4 Qb6 25. Qxb6 Nxb6 26. Rb7 Na8 27. b6 Kg7 28. Bb5 Kf6 29. Kf2 h5 30. h4 Kg7 31. Bd7 Rd8 32. Bxe6 Nxb6 33. Rxf7+ Kh6 34. Rb7 Re8 35. Rxb6 Rxe6 36. Rb5 Kg7 37. Ke3 Kf6 38. Kd4 Re8 39. Kd5 Rc8 40. Kxd6 Rc2 41. g4 1-0

[Event "26th Klatovy A 2018"]
[Site "Klatovy CZE"]
[Date "2018.07.06"]
[Round "7.31"]
[White "Nagy, Ladislav1"]
[Black "Hlozek, David"]
[Result "1/2-1/2"]
[WhiteElo "1996"]
[BlackElo "1852"]
[PlyCount "129"]
[EventDate "2018.06.30"]
[EventType "swiss"]
[EventRounds "9"]
[EventCountry "CZE"]

1. Nf3 d5 2. g3 Nf6 3. Bg2 g6 4. O-O Bg7 5. d3 O-O 6. Nbd2 c5 7. e4 e6 8. Re1 Nc6 9. Qe2 Qc7 10. Nf1 b6 11. e5 Nd7 12. Bf4 Bb7 13. h4 h5 14. N1h2 Ne7 15. g4 hxg4 16. Nxg4 Nf5 17. Qd2 d4 18. h5 gxh5 19. Nf6+ Kh8 20. Kf1 h4 21. Nxd7 Qxd7 22. Ke2 Kg8 23. Rh1 f6 24. Rag1 Kf7 25. Nxh4 Nxh4 26. Bxb7 Qxb7 27. Rxh4 Rh8 28. Rhg4 Rag8 29. exf6 Bxf6 30. Rxg8 Rxg8 31. Rxg8 Kxg8 32. Bg3 Kg7 33. Qf4 e5 34. Qg4+ Kf7 35. Qh5+ Ke6 36. Qe8+ Kf5 37. Qh5+ Ke6 38. Qg6 Qh1 39. Qe8+ Kf5 40. Qc8+ Kg5 41. Qg8+ Kf5 42. Qc8+ Kg5 43. f3 Qg2+ 44. Bf2 Kf4 45. Qc6 Kf5 46. Qe4+ Kg5 47. Qh7 Kf4 48. Qh6+ Kf5 49. Qh5+ Kf4 50. b3 Qg5 51. Qxg5+ Bxg5 52. Be1 Be7 53. Bd2+ Kg3 54. Bh6 a6 55. a4 b5 56. Bd2 b4 57. Bh6 a5 58. Bd2 Bf6 59. Bc1 Bd8 60. Bh6 Be7 61. Bg7 Kf4 62. Kf2 Bh4+ 63. Ke2 Be7 64. Bh6+ Kg3 65. Bd2 1/2-1/2

[Event "26th Klatovy A 2018"]
[Site "Klatovy CZE"]
[Date "2018.07.06"]
[Round "7.32"]
[White "Novy, Daniel"]
[Black "Brunova, Blanka"]
[Result "1/2-1/2"]
[WhiteElo "1941"]
[BlackElo "1994"]
[PlyCount "101"]
[EventDate "2018.06.30"]
[EventType "swiss"]
[EventRounds "9"]
[EventCountry "CZE"]

1. e4 c5 2. Nf3 Nc6 3. Bb5 g6 4. Bxc6 bxc6 5. d3 Bg7 6. h4 d5 7. e5 Bg4 8. Bf4 Qb8 9. Nbd2 Nh6 10. Qc1 Qb4 11. c4 Bxf3 12. a3 Qa5 13. b4 cxb4 14. axb4 Qxb4 15. Rb1 Qa5 16. Ra1 Qc5 17. Nxf3 Ng4 18. O-O O-O 19. d4 Qxc4 20. Qa3 f6 21. Rfe1 c5 22. e6 f5 23. Rec1 Qe2 24. Ra2 Qxe6 25. Re1 Qc6 26. dxc5 Rfe8 27. Rae2 e5 28. Bxe5 Nxe5 29. Nxe5 Qc7 30. f4 Rac8 31. Rc2 Bxe5 32. fxe5 Rxe5 33. Rb1 Qe7 34. Qg3 d4 35. c6 Re3 36. Qf2 d3 37. Rc3 Qe5 38. Qa2+ Kh8 39. Qc4 d2 40. Rxe3 Qxe3+ 41. Kh2 f4 42. Rf1 Qe5 43. Kh3 Qf6 44. Rxf4 Rxc6 45. Qf1 Qe6+ 46. Kh2 Rc1 47. Qb5 Rh1+ 48. Kg3 Qe1+ 49. Rf2 Qxf2+ 50. Kxf2 d1=Q 51. Qe8+ 1/2-1/2

[Event "26th Klatovy A 2018"]
[Site "Klatovy CZE"]
[Date "2018.07.06"]
[Round "7.33"]
[White "Kaspar, Lukas"]
[Black "Bartonicek, Zdenek"]
[Result "1/2-1/2"]
[WhiteElo "1799"]
[BlackElo "1987"]
[PlyCount "74"]
[EventDate "2018.06.30"]
[EventType "swiss"]
[EventRounds "9"]
[EventCountry "CZE"]

1. e4 e5 2. Nf3 Nc6 3. Bb5 a6 4. Ba4 Nf6 5. O-O Be7 6. Re1 b5 7. Bb3 d6 8. c3 O-O 9. d4 Bg4 10. Qd3 Re8 11. Nbd2 Bf8 12. Nf1 Na5 13. Bc2 c5 14. h3 Bd7 15. Bg5 Nc6 16. Ne3 cxd4 17. cxd4 Nb4 18. Qd2 Nxc2 19. Nxc2 h6 20. Bh4 g5 21. Nxg5 Nxe4 22. Rxe4 hxg5 23. Bxg5 f6 24. Bh6 Bf5 25. Rh4 Qd7 26. Bxf8 Rxf8 27. Ne3 Kf7 28. Nxf5 Qxf5 29. dxe5 dxe5 30. Qd5+ Kg6 31. Rg4+ Kh6 32. Qd2+ Kh7 33. Qd6 Rf7 34. Rh4+ Kg7 35. Qd2 Rd7 36. Qh6+ Kf7 37. Qh7+ Ke6 1/2-1/2

[Event "26th Klatovy A 2018"]
[Site "Klatovy CZE"]
[Date "2018.07.06"]
[Round "7.34"]
[White "Hacaperka, Michal"]
[Black "Odehnal, Jaroslav"]
[Result "1/2-1/2"]
[WhiteElo "1890"]
[BlackElo "1974"]
[PlyCount "69"]
[EventDate "2018.06.30"]
[EventType "swiss"]
[EventRounds "9"]
[EventCountry "CZE"]

1. e4 e5 2. Nf3 Nf6 3. Nxe5 d6 4. Nf3 Nxe4 5. d4 d5 6. Bd3 Bd6 7. c4 c6 8. O-O O-O 9. Nc3 Nxc3 10. bxc3 Bg4 11. h3 Bxf3 12. Qxf3 dxc4 13. Bxc4 Nd7 14. Rb1 Qc7 15. Re1 b5 16. Bd3 Rfe8 17. Bd2 a5 18. c4 bxc4 19. Bxc4 Rxe1+ 20. Rxe1 Nf8 21. Bb5 Rc8 22. Rc1 Qb6 23. Bxc6 Qxd4 24. Bc3 Qf4 25. Bb2 Qxf3 26. Bxf3 Rxc1+ 27. Bxc1 Bb4 28. Kf1 Ne6 29. Be3 Nc5 30. Ke2 Kf8 31. Bd4 f6 32. Bd5 Ke7 33. Bb2 Na4 34. Bd4 Nc3+ 35. Bxc3 1/2-1/2

[Event "26th Klatovy A 2018"]
[Site "Klatovy CZE"]
[Date "2018.07.06"]
[Round "7.35"]
[White "Lhotsky, Zdenek"]
[Black "Smid, Pavel"]
[Result "0-1"]
[WhiteElo "1825"]
[BlackElo "1964"]
[PlyCount "28"]
[EventDate "2018.06.30"]
[EventType "swiss"]
[EventRounds "9"]
[EventCountry "CZE"]

1. e4 e6 2. d4 d5 3. Nc3 Nf6 4. e5 Nfd7 5. f4 c5 6. Nf3 Nc6 7. Be3 Be7 8. Qd2 O-O 9. O-O-O c4 10. g4 b5 11. Nxb5 Rb8 12. Nc3 Qb6 13. Na4 Qb5 14. b3 Qxa4 0-1

[Event "26th Klatovy A 2018"]
[Site "Klatovy CZE"]
[Date "2018.07.06"]
[Round "7.36"]
[White "Kostelecky, Daniel"]
[Black "Kovar, Petr"]
[Result "0-1"]
[WhiteElo "1953"]
[BlackElo "1911"]
[PlyCount "52"]
[EventDate "2018.06.30"]
[EventType "swiss"]
[EventRounds "9"]
[EventCountry "CZE"]

1. e4 e5 2. Nf3 Nf6 3. d4 exd4 4. e5 Nd5 5. Bc4 Nb6 6. Bb3 Be7 7. Nxd4 O-O 8. O-O d5 9. f4 c5 10. f5 cxd4 11. f6 gxf6 12. Qf3 f5 13. Bh6 Kh8 14. Bxf8 Bxf8 15. Qh5 Be6 16. Nd2 Nc6 17. Rad1 Be7 18. Rf3 f4 19. Nf1 Qg8 20. h3 Qg5 21. Qxg5 Bxg5 22. Nh2 Nc4 23. Bxc4 dxc4 24. Rff1 Rd8 25. Nf3 Be7 26. Nd2 Bb4 0-1

[Event "26th Klatovy A 2018"]
[Site "Klatovy CZE"]
[Date "2018.07.06"]
[Round "7.37"]
[White "Vartazaryan, Gor"]
[Black "Ondrejat, Miroslav"]
[Result "0-1"]
[WhiteElo "1775"]
[BlackElo "1948"]
[PlyCount "66"]
[EventDate "2018.06.30"]
[EventType "swiss"]
[EventRounds "9"]
[EventCountry "CZE"]

1. e4 c5 2. Nf3 Nc6 3. Bb5 g6 4. O-O Bg7 5. c3 a6 6. Bxc6 dxc6 7. d4 cxd4 8. cxd4 Nf6 9. Nc3 O-O 10. h3 h6 11. Be3 Kh7 12. Rc1 Be6 13. Nd2 Ne8 14. e5 Nc7 15. f4 f5 16. Nf3 Bd5 17. Qe1 e6 18. Qg3 Rh8 19. Nh4 Qe8 20. Rf2 Bf8 21. Rfc2 Rg8 22. Nf3 Rd8 23. Qf2 Nb5 24. Nxb5 axb5 25. Ra1 Ra8 26. Nd2 b4 27. Rcc1 Qd8 28. Nb3 Be7 29. Qe1 g5 30. fxg5 Bxg5 31. g3 f4 32. Bf2 fxg3 33. Bxg3 Bh4 0-1